Guía para un envejecimiento satisfactorio : (Registro nro. 12910)

Detalles MARC
000 -LIDER
fixed length control field 00724nam a22002057a 4500
003 - IDENTIFICACDOR DE NÚMERO DE CONTROL
control field DO-SdBNP
005 - DATE AND TIME OF LATEST TRANSACTION
control field 20171129093109.0
008 - ELEMENTOS DE LONGITUD FIJA
fixed length control field 171116b 1986 xx ||||| |||| 00| 0 spa d
020 ## - ISBN
International Standard Book Number 1850701725
040 ## - FUENTE DE CATALOGACIÓN
Agencia que crea de manera original el registro BPMSU
Idioma de catalogación spa
Agencia que realiza la transcripción BPMSU
092 ## - LOCALLY ASSIGNED DEWEY DECIMAL CALL NUMBER
Número de clasificación xxxx
Número de ítem (Cutter) xxxx
100 1# - ASIENTO PRINCIPAL -- NOMBRE PERSONAL
Nombre personal Selby, Philip
245 10 - MENCIÓN DE TITULO
Título Guía para un envejecimiento satisfactorio :
Subtítulo cómo prepararse, cómo afrontarlo, qué cuidados requiere /
Mención de responsabilidad Philip Selby, Adrian Griffiths.
260 ## - PUBLICACIÓN, DISTRIBUCIÓN, ETC. (PIE DE IMPRENTA)
Lugar de publicación, distribución, etc Lancashire :
Nombre del editor, distribuidor, etc. Parthenon Publishing,
-- International Health Foundation,
Fecha de publicación, distribución, etc 1986.
300 ## - DESCRIPCIÓN FÍSICA
Extensión 208 p.;
Dimensiones 24 cm.
700 1# - ASIENTO SECUNDARIO -- NOMBRE PERSONAL
Nombre personal Griffiths, Adrian
942 ## - ADDED ENTRY ELEMENTS (KOHA)
Source of classification or shelving scheme Dewey Decimal Classification
Koha item type Libros
945 ## - INFORMACIÓN DE PROCESAMIENTO LOCAL
Información de procesamiento local Inventariado extranjero / 2017 BT
956 ## - LOCAL ELECTRONIC LOCATION AND ACCESS (OCLC)
Nombre de host LOPEREZ
Número de acceso 10
Información de compresión 20171116
Procesador de solicitud 0041
Instrucción BPMSU
Existencias
Withdrawn status Lost status Source of classification or shelving scheme Damaged status Not for loan Collection code Home library Current library Date acquired Source of acquisition Total Checkouts Barcode Date last seen Price effective from Koha item type
    Dewey Decimal Classification     Colección General Biblioteca Pública Metropolitana Salomé Ureña Biblioteca Pública Metropolitana Salomé Ureña 11/16/2017 Donación   BPMSU17110218 11/16/2017 11/16/2017 Libros